[Event "HUN-chT U18"]
[Site "Miskolc"]
[Date "2009.10.29"]
[Round "7.11"]
[White "Deak, Balint"]
[Black "Kalmar, Miksa"]
[Result "1/2-1/2"]
[WhiteElo "1877"]
[BlackElo "1881"]
[PlyCount "117"]
[EventDate "2009.10.26"]
[EventType "team-swiss"]
[EventRounds "8"]
[EventCountry "HUN"]
[SourceTitle "EXT 2016"]
[Source "ChessBase"]
[SourceDate "2015.10.08"]
[SourceVersion "1"]
[SourceVersionDate "2015.10.08"]
[SourceQuality "1"]

1. e4 Nf6 2. e5 Nd5 3. c4 Nb6 4. d4 d6 5. f4 dxe5 6. fxe5 Nc6 7. Be3 Bf5 8. a3 a5 9. Nf3 e6 10. Be2 Be7 11. 0-0 0-0 12. Nc3 f6 13. exf6 Bxf6 14. Nb5 Qe7 15. Bd3 Rad8 16. Bxf5 exf5 17. Qb3 a4 18. Qd3 Qf7 19. Rac1 Rfe8 20. Bf2 g6 21. Qc2 Ra8 22. d5 Na7 23. Nfd4 Nxb5 24. Nxb5 Qd7 25. Bg3 Re4 26. Nxc7 Rxc4 27. Qe2 Re4 28. Qf3 Ra5 29. b4 Rxd5 30. Nxd5 Nxd5 31. Rfd1 Qe6 32. Re1 Bc3 33. Rxe4 fxe4 34. Qe2 e3 35. Rf1 Bd4 36. Be1 b5 37. Kh1 Kg7 38. Qd3 Qe5 39. Qxb5 e2 40. Qd7+ Ne7 41. Rf3 h5 42. Qe8 Nf5 43. Qxe5+ Bxe5 44. Rf2 Nd4 45. g3 g5 46. Bc3 Kg6 47. Kg2 g4 48. Rxe2 Nxe2 49. Bxe5 Nc1 50. b5 Nb3 51. b6 Nc5 52. Bd6 Nb7 53. Bc7 Kf5 54. Kf2 Ke4 55. Ke2 Nc5 56. Bd6 Nb7 57. Bc7 Nc5 58. Bd6 Nb7 59. Bc7 1/2-1/2

[Event "HUN-chT U18"]
[Site "Miskolc"]
[Date "2009.10.28"]
[Round "4.10"]
[White "Deak, Balint"]
[Black "Berta, Sandor Martin"]
[Result "0-1"]
[WhiteElo "1877"]
[BlackElo "1685"]
[PlyCount "86"]
[EventDate "2009.10.26"]
[EventType "team-swiss"]
[EventRounds "8"]
[EventCountry "HUN"]
[SourceTitle "EXT 2016"]
[Source "ChessBase"]
[SourceDate "2015.10.08"]
[SourceVersion "1"]
[SourceVersionDate "2015.10.08"]
[SourceQuality "1"]

1. e4 c5 2. Nf3 e6 3. d4 cxd4 4. Nxd4 a6 5. c4 d6 6. Nc3 Nf6 7. Be2 Be7 8. 0-0 0-0 9. Kh1 Qc7 10. f4 b6 11. b3 Bb7 12. Bf3 Nbd7 13. Bb2 Rad8 14. Qe2 Rfe8 15. Rad1 Bf8 16. Nc2 Nc5 17. g4 Re7 18. g5 Ne8 19. Qg2 f5 20. exf5 exf5 21. Nd5 Bxd5 22. Bxd5+ Kh8 23. Nd4 Rc8 24. Nxf5 Rd7 25. g6 b5 26. Nh6 Nf6 27. Nf7+ Rxf7 28. Bxf7 bxc4 29. Bxf6 gxf6 30. Rg1 Qc6 31. Bd5 Qd7 32. bxc4 Rc7 33. gxh7 Bg7 34. Rb1 Rc8 35. Rb6 Qa7 36. Rxd6 Nd3 37. Rxf6 Nf2+ 38. Qxf2 Qxf2 39. Rf7 Bd4 40. Rd1 Rb8 41. Rf5 Rb2 42. Rf8+ Kxh7 43. Be4+ Kg7 0-1

[Event "HUN-chT2 Erkel 0809"]
[Site "Hungary"]
[Date "2008.11.02"]
[Round "2.10"]
[White "Deak, Balint"]
[Black "Kozma, Gabor"]
[Result "1-0"]
[WhiteElo "1870"]
[BlackElo "1907"]
[PlyCount "87"]
[EventDate "2008.10.26"]
[EventType "team-tourn"]
[EventRounds "11"]
[EventCountry "HUN"]
[SourceTitle "EXT 2010"]
[Source "ChessBase"]
[SourceDate "2010.11.25"]
[SourceVersion "1"]
[SourceVersionDate "2010.11.25"]
[SourceQuality "1"]
[WhiteTeam "HASE II"]
[BlackTeam "Godollo"]
[WhiteTeamCountry "HUN"]
[BlackTeamCountry "HUN"]

1. e4 c5 2. Nf3 Nc6 3. d4 cxd4 4. Nxd4 Nf6 5. Nc3 e5 6. Ndb5 d6 7. Bg5 a6 8. Bxf6 gxf6 9. Na3 b5 10. Nd5 Bg7 11. c3 Ne7 12. g3 f5 13. Bg2 Rb8 14. 0-0 0-0 15. Nc2 fxe4 16. Bxe4 f5 17. Nxe7+ Qxe7 18. Bd5+ Kh8 19. Nb4 Qc7 20. Bg2 e4 21. Nd5 Qc5 22. Rc1 Bb7 23. Nf4 Qe5 24. Qh5 Qf6 25. Rcd1 Bh6 26. Nd5 Bxd5 27. Rxd5 Rbe8 28. Rfd1 e3 29. fxe3 Bxe3+ 30. Kh1 Bf2 31. Rxd6 Re1+ 32. Rxe1 Qxd6 33. Rd1 Qe7 34. Qf3 Bb6 35. Rf1 Qf6 36. Bh3 f4 37. gxf4 Bc7 38. f5 Qe5 39. Qf2 Rf6 40. Qg2 Rh6 41. Rg1 Qxh2+ 42. Qxh2 Bxh2 43. Kxh2 a5 44. Rg4 1-0

[Event "HUN-chT U18"]
[Site "Miskolc"]
[Date "2008.10.30"]
[Round "6.15"]
[White "Zelena, Tamas"]
[Black "Deak, Balint"]
[Result "1/2-1/2"]
[WhiteElo "1475"]
[BlackElo "1870"]
[PlyCount "108"]
[EventDate "2008.10.27"]
[EventType "team-swiss"]
[EventRounds "8"]
[EventCountry "HUN"]
[SourceTitle "EXT 2016"]
[Source "ChessBase"]
[SourceDate "2015.10.08"]
[SourceVersion "1"]
[SourceVersionDate "2015.10.08"]
[SourceQuality "1"]

1. e4 c5 2. Nf3 d6 3. Nc3 g6 4. d4 Nd7 5. Be3 b6 6. Bc4 Bg7 7. Qd2 Ngf6 8. e5 cxd4 9. Bxd4 dxe5 10. Bxe5 0-0 11. 0-0-0 Bb7 12. Qe2 Qc8 13. Bd5 Nxe5 14. Bxb7 Qxb7 15. Qxe5 e6 16. h3 Rac8 17. Qe3 Qc7 18. Rd2 Rfe8 19. Kb1 Nd5 20. Nxd5 exd5 21. Qd3 Red8 22. Nd4 Qf4 23. Rhd1 Qg5 24. g4 Qh4 25. c3 Bxd4 26. cxd4 Rd6 27. Qa6 Rdc6 28. Qd3 Qd8 29. a3 Qc7 30. Ka2 Rc2 31. Rxc2 Qxc2 32. Qxc2 Rxc2 33. Kb3 Rxf2 34. Rd3 f5 35. g5 Rg2 36. h4 Rh2 37. Rc3 Rxh4 38. Rc8+ Kf7 39. Rc7+ Ke6 40. Rxa7 f4 41. Ra6 f3 42. Rxb6+ Kf5 43. Rf6+ Kxg5 44. Rxf3 Rxd4 45. a4 Kg4 46. Rc3 h5 47. a5 h4 48. a6 Rf4 49. Rd3 h3 50. a7 Rf8 51. Rd4+ Kg3 52. Rd3+ Kg4 53. Rd4+ Kh5 54. Rd3 Kg4 1/2-1/2

[Event "HUN-chT U18"]
[Site "Miskolc"]
[Date "2008.10.29"]
[Round "4.11"]
[White "Deak, Balint"]
[Black "Bagi, Mate"]
[Result "0-1"]
[WhiteElo "1870"]
[BlackElo "1940"]
[PlyCount "136"]
[EventDate "2008.10.27"]
[EventType "team-swiss"]
[EventRounds "8"]
[EventCountry "HUN"]
[SourceTitle "EXT 2016"]
[Source "ChessBase"]
[SourceDate "2015.10.08"]
[SourceVersion "1"]
[SourceVersionDate "2015.10.08"]
[SourceQuality "1"]

1. e4 e5 2. Nf3 Nc6 3. Bc4 Nf6 4. Nc3 Be7 5. d3 d6 6. h3 Na5 7. Bb3 Nxb3 8. axb3 c5 9. 0-0 0-0 10. Bg5 Be6 11. Bxf6 Bxf6 12. Nd5 Bxd5 13. exd5 Be7 14. Nd2 Bg5 15. Nc4 f5 16. Re1 Qd7 17. Ra2 Bd8 18. Qa1 a6 19. Qd1 b5 20. Na5 Bxa5 21. Rxa5 Ra7 22. Qf3 g6 23. Rea1 Rfa8 24. Qe2 Qc8 25. c4 b4 26. Qe3 f4 27. Qe4 Rf7 28. f3 Kf8 29. Re1 Qf5 30. Rea1 Rfa7 31. Re1 Kf7 32. Rea1 h5 33. Qe2 Kf6 34. Kf1 Kf7 35. Qe4 Kf6 36. Qe2 Qc8 37. Qf2 g5 38. Qe2 Rg7 39. Qf2 Ke7 40. Ke2 Kd7 41. Rg1 Kc7 42. Kd2 Kb7 43. Raa1 Rh7 44. Rh1 Qd7 45. Kc2 a5 46. Ra4 Kb6 47. Rha1 Ra7 48. Rh1 g4 49. hxg4 hxg4 50. Rxh7 Qxh7 51. Ra1 Rg7 52. Re1 Qh2 53. fxg4 Rxg4 54. Re2 Rg3 55. Rd2 Qh7 56. Qf1 Qg6 57. Qe2 Qg4 58. Qxg4 Rxg4 59. Kd1 Rg3 60. Ke1 Kc7 61. Kf2 Kd7 62. Rd1 Ke7 63. Rd2 Kf6 64. Ke1 e4 65. dxe4 Ke5 66. Re2 Rxb3 67. Kd1 a4 68. Kc1 Re3 0-1

[Event "HUN-chT U18"]
[Site "Miskolc"]
[Date "2008.10.28"]
[Round "3.16"]
[White "Vit, Daniel"]
[Black "Deak, Balint"]
[Result "0-1"]
[WhiteElo "1743"]
[BlackElo "1870"]
[PlyCount "110"]
[EventDate "2008.10.27"]
[EventType "team-swiss"]
[EventRounds "8"]
[EventCountry "HUN"]
[SourceTitle "EXT 2016"]
[Source "ChessBase"]
[SourceDate "2015.10.08"]
[SourceVersion "1"]
[SourceVersionDate "2015.10.08"]
[SourceQuality "1"]

1. e4 c5 2. Nf3 d6 3. d4 cxd4 4. Nxd4 Nf6 5. Nc3 g6 6. Be3 Bg7 7. f3 Nc6 8. Qd2 0-0 9. Bc4 a6 10. 0-0-0 Qc7 11. Bb3 Na5 12. h4 Nxb3+ 13. Nxb3 h5 14. Bg5 Be6 15. Nd4 Qd7 16. Nxe6 Qxe6 17. Nd5 Rac8 18. Rhe1 Rc5 19. Qf4 Rfc8 20. c3 R8c6 21. Bxf6 exf6 22. Re2 Kh7 23. g4 Bh6 24. g5 fxg5 25. hxg5 Bg7 26. Red2 Be5 27. Qe3 Rc4 28. f4 Bg7 29. Re2 b5 30. f5 Qe5 31. f6 Bf8 32. Kb1 Qe8 33. Nb4 Rc8 34. Nxa6 Ra4 35. Nb4 Rca8 36. a3 Qc8 37. Nd5 Qe6 38. Nc7 Qb3 39. Nxa8 Rxa3 40. Rc2 Rxa8 41. e5 Qa4 42. Kc1 dxe5 43. Qxe5 Qa1+ 44. Kd2 Rd8+ 45. Qd4 Rxd4+ 46. cxd4 Qa5+ 47. Ke3 h4 48. Rg1 Qa6 49. Rc7 Qe6+ 50. Kf2 Qd5 51. Ke2 Qe4+ 52. Kf1 Qf3+ 53. Ke1 Qe3+ 54. Kf1 Qf4+ 55. Ke1 Qxc7 0-1

[Event "HUN-chT2 Breyer 0708"]
[Site "Hungary"]
[Date "2008.03.30"]
[Round "9"]
[White "Teglas, Balazs"]
[Black "Deak, Balint"]
[Result "1-0"]
[WhiteElo "2066"]
[BlackElo "1916"]
[PlyCount "79"]
[EventDate "2007.10.14"]
[EventType "team"]
[EventRounds "11"]
[EventCountry "HUN"]
[SourceTitle "EXT 2009"]
[Source "ChessBase"]
[SourceDate "2008.11.26"]
[SourceVersion "1"]
[SourceVersionDate "2008.11.26"]
[SourceQuality "1"]
[WhiteTeam "Hobagoly"]
[BlackTeam "Honved II"]
[WhiteTeamCountry "HUN"]
[BlackTeamCountry "HUN"]

1. d4 d5 2. Nf3 Nf6 3. c4 c6 4. Nc3 g6 5. e3 Bg7 6. Bd3 0-0 7. 0-0 b6 8. b3 Bb7 9. Bb2 Nbd7 10. Rc1 c5 11. Qe2 e6 12. Rfd1 Qe7 13. e4 dxe4 14. Nxe4 Nxe4 15. Bxe4 Bxe4 16. Qxe4 cxd4 17. Nxd4 Nc5 18. Qe2 Rac8 19. Rc2 Rfd8 20. Rcd2 Qb7 21. Nb5 Rxd2 22. Rxd2 Qa8 23. Bxg7 Kxg7 24. Qe5+ Kg8 25. Nd6 Rf8 26. b4 Nd7 27. Qb5 Nf6 28. Qe5 Nd7 29. Qd4 Qc6 30. h4 Rd8 31. Ne4 e5 32. Qd3 Kf8 33. b5 Qc7 34. Nf6 h5 35. Nxd7+ Ke7 36. Qa3+ Ke6 37. Nf8+ Kf6 38. Nh7+ Kg7 39. Rxd8 Qxd8 40. Ng5 1-0

[Event "HUN-chT2 Breyer 0708"]
[Site "Hungary"]
[Date "2008.03.16"]
[Round "8"]
[White "Papp, Karoly"]
[Black "Deak, Balint"]
[Result "1/2-1/2"]
[WhiteElo "1919"]
[BlackElo "1916"]
[PlyCount "93"]
[EventDate "2007.10.14"]
[EventType "team"]
[EventRounds "11"]
[EventCountry "HUN"]
[SourceTitle "EXT 2009"]
[Source "ChessBase"]
[SourceDate "2008.11.26"]
[SourceVersion "1"]
[SourceVersionDate "2008.11.26"]
[SourceQuality "1"]
[WhiteTeam "Balatonfuered"]
[BlackTeam "Honved II"]
[WhiteTeamCountry "HUN"]
[BlackTeamCountry "HUN"]

1. e4 e5 2. Nf3 Nc6 3. d4 exd4 4. Bc4 Bb4+ 5. c3 dxc3 6. bxc3 Ba5 7. Qd5 Qe7 8. Ng5 Nh6 9. 0-0 0-0 10. h3 d6 11. f4 Bb6+ 12. Kh1 Bd7 13. f5 Qf6 14. Nf3 Ne7 15. Qd3 d5 16. Bxd5 Nxd5 17. Qxd5 Bc6 18. Qc4 Qd6 19. Ba3 Qd7 20. Nbd2 Bb5 21. Qb3 Bxf1 22. Rxf1 Rfe8 23. g4 Kh8 24. g5 Ng8 25. c4 c5 26. Qc3 f6 27. h4 Rad8 28. Bb2 Qd3 29. Qc1 Ba5 30. Rf2 Bxd2 31. Nxd2 Qe3 32. gxf6 Nxf6 33. Rg2 Rd3 34. Bxf6 gxf6 35. Qb2 Qe1+ 36. Kh2 Qxh4+ 37. Kg1 Rg8 38. Nf1 Rxg2+ 39. Qxg2 Qg5 40. Qxg5 fxg5 41. Kf2 Kg7 42. e5 Kf7 43. Ne3 Rxe3 44. Kxe3 g4 45. a4 b6 46. Kf4 h5 47. Kg3 1/2-1/2